000 00489nam a2200169Ia 4500
008 140424s9999 xx 000 0 und d
100 _aNyjin Thomas (110912022)
245 _aCasual echo model based image reconstruction in sparse MRI
502 _bMtech- Biomedical Engineering
502 _c2013
502 _dExternal
502 _eJoseph Paul
502 _fSheeba Davis
502 _hManipal Institute of Technology
650 _aNUMERICAL SIMULATION
650 _aSIGNAL MODELING
999 _c4409
_d4409